|
|
|
|
| LEADER |
02521nam a2200649 i 4500 |
| 001 |
nkc20162835127 |
| 003 |
CZ PrNK |
| 005 |
20231019152841.0 |
| 007 |
ta |
| 008 |
160926s2016 xr a e c 000 0 cze |
| 020 |
|
|
|a 978-80-86397-21-4
|q (brožováno)
|
| 040 |
|
|
|a ABA001
|b cze
|e rda
|
| 041 |
1 |
|
|a cze
|a eng
|h cze
|
| 043 |
|
|
|a e-xr---
|
| 045 |
|
|
|a y-y-
|
| 072 |
|
7 |
|a 74
|x Kresba. Umělecká řemesla
|2 Konspekt
|9 21
|
| 080 |
|
|
|a 7.022.82
|2 MRF
|
| 080 |
|
|
|a 748.05
|2 MRF
|
| 080 |
|
|
|a 628.94
|2 MRF
|
| 080 |
|
|
|a 745/749.05
|2 MRF
|
| 080 |
|
|
|a 7.05
|2 MRF
|
| 080 |
|
|
|a 7.036/.038
|2 MRF
|
| 080 |
|
|
|a (437.3)
|2 MRF
|
| 080 |
|
|
|a (083.824)
|2 MRF
|
| 245 |
0 |
0 |
|a Jedním Dechem
|
| 264 |
|
1 |
|a [Jablonec nad Nisou] :
|b [Muzeum skla a bižuterie v Jablonci nad Nisou],
|c [2016]
|
| 300 |
|
|
|a 20 nečíslovaných stran :
|b barevné ilustrace ;
|c 21 cm
|
| 336 |
|
|
|a text
|b txt
|2 rdacontent
|
| 336 |
|
|
|a statický obraz
|b sti
|2 rdacontent
|
| 337 |
|
|
|a bez média
|b n
|2 rdamedia
|
| 338 |
|
|
|a svazek
|b nc
|2 rdacarrier
|
| 500 |
|
|
|a Název z obálky
|
| 500 |
|
|
|a Katalog k výstavě Jedním Dechem konané 24. června - 9. října 2016 v Muzeu skla a bižuterie v Jablonci nad Nisou
|
| 546 |
|
|
|a Souběžný anglický text
|
| 610 |
2 |
7 |
|a Dechem studio
|7 ko2016929423
|2 czenas
|
| 648 |
|
7 |
|a 21. století
|7 ch460559
|2 czenas
|
| 650 |
0 |
7 |
|a umělecká studia
|7 ph120039
|z Česko
|y 21. století
|2 czenas
|
| 650 |
0 |
7 |
|a umělecké předměty ze skla
|7 ph126901
|z Česko
|y 21. století
|2 czenas
|
| 650 |
0 |
7 |
|a svítidla
|7 ph116365
|z Česko
|y 21. století
|2 czenas
|
| 650 |
0 |
7 |
|a užité umění
|7 ph116551
|z Česko
|y 21. století
|2 czenas
|
| 650 |
0 |
7 |
|a design
|7 ph114303
|z Česko
|y 21. století
|2 czenas
|
| 650 |
0 |
7 |
|a moderní umění
|7 ph115340
|z Česko
|2 czenas
|
| 650 |
0 |
9 |
|a artists' studies
|z Czechia
|y 21st century
|2 eczenas
|
| 650 |
0 |
9 |
|a glass art work
|z Czechia
|y 21st century
|2 eczenas
|
| 650 |
0 |
9 |
|a lamp units
|z Czechia
|y 21st century
|2 eczenas
|
| 650 |
0 |
9 |
|a applied arts
|z Czechia
|y 21st century
|2 eczenas
|
| 650 |
0 |
9 |
|a design
|z Czechia
|y 21st century
|2 eczenas
|
| 650 |
0 |
9 |
|a modern art
|z Czechia
|2 eczenas
|
| 655 |
|
7 |
|a katalogy výstav
|7 fd132536
|2 czenas
|
| 655 |
|
9 |
|a exhibition catalogs
|2 eczenas
|
| 710 |
2 |
|
|a Dechem studio
|7 ko2016929423
|4 art
|
| 710 |
2 |
|
|a Muzeum skla a bižuterie (Jablonec nad Nisou, Česko)
|7 kn20010709065
|4 orm
|
| 910 |
2 |
|
|a BOA001
|b 2-1376.083
|
| 990 |
|
|
|a BK
|
| 995 |
|
|
|a 11
|
| 991 |
|
|
|b 201610
|c NOV
|
| 996 |
6 |
|
|b 2610684112
|c 2-1376.083
|l MZK
|r Sklad / do 1 hodiny
|n 0
|p p.v.
|w 001581836
|u 000010
|a 1
|e BOA001
|j MZK50
|s P
|